000 00271nam a22001217a 4500
008 181106b xxu||||| |||| 00| 0 eng d
041 _aeng
080 _a821
100 _a23
101 _aGJU
245 _aWebsters College Dictionary
_cCostello.R.C
942 _2udc
_cBK
999 _c52054
_d52054